Statistics for Brasileirão Teams 2024

Click here to take the quiz!

General Stats

  • This quiz has been taken 224 times
  • The average score is 17 of 20

Answer Stats

Answer% Correct
Flamengo
98%
Palmeiras
98%
Vasco
95%
Corinthians
94%
São Paulo
94%
Botafogo
93%
Fluminense
93%
Grêmio
93%
Atlético Mineiro
92%
Cruzeiro
91%
Bahia
86%
Internacional
86%
Vitória
84%
Bragantino
80%
Criciuma
79%
Juventude
79%
Atlético Goianiense
77%
Cuiabá
77%
Athletico Paranaense
76%
Fortaleza
75%

Score Distribution

Percentile by Number Answered

Percent of People with Each Score

Your Score History

You have not taken this quiz